000 00445nam a22001457a 4500
005 20240316101921.0
008 240316b ||||| |||| 00| 0 eng d
040 _cAL
041 _aeng
082 _223
_a658.8
_bSTUD
245 _aStudy on the Consumer Behaviour and after Sales Service of Tata Indica with Reference to Auto Matrix
260 _aMangalore
_bSt Aloysius College
_c2003
700 _aTHAMMAIAH (C N)
_9154837
942 _2ddc
_cPRO
999 _c230431
_d230431